Kraje Czech - nagła śmierć - Statystyki

Ogólne statystyki
  • Ten quiz został rozwiązany 101 razy
  • Średni wynik to 6 z 14
Answers on the Grid
Answers color-coded by a green-red scale on the quiz's grid according to % correct below.
Praga
Środkowoczeski
Południowoczeski
Pilzneński
Karlowarski
Ustecki
Liberecki
Hradecki
Pardubicki
Wysoczyna
Południowomorawski
Ołomuniecki
Zliński
Morawsko-Śląski
Praski
Piski
Sudecki
Śląski
Łużycki
Dolnosaksoński
Wełtawski
Żyliński
Bratysławski
Morawski
 
Statystyki odpowiedzi
Odpowiedź % Poprawnych
Morawsko-Śląski
58%
Praga
55%
Hradecki
48%
Liberecki
48%
Pilzneński
48%
Ołomuniecki
45%
Pardubicki
45%
Południowoczeski
38%
Środkowoczeski
38%
Ustecki
38%
Karlowarski
33%
Południowomorawski
30%
Zliński
25%
Wysoczyna
18%
Nie znaleziono quizów pasujących do podanych kryteriów
Rozkład punktacji
Procent ludzi z każdym wynikiem
Percentyl według liczby udzielonych odpowiedzi
Twoja historia wyników
Nie rozwiązałeś tego quizu